| 000 | 00839nam a2200229 i 4500 | ||
|---|---|---|---|
| 001 | 187164 | ||
| 003 | SpMaBN | ||
| 005 | 20250728101726.0 | ||
| 008 | 170426c1989 xxu |||| |deng d | ||
| 020 | _a0-253-33678-3 | ||
| 080 | _a396.9(4)"15/16":2 | ||
| 245 | 0 | 0 |
_aWomen in reformation and counter-reformation Europe : _bpublic and private worlds / _cedited by Sherrin Marshall. |
| 260 |
_aBloomington : _bIndiana University Press, _c[1989] |
||
| 300 |
_a215 p. ; _c24 cm. |
||
| 500 | _aÍndices. | ||
| 504 | _aReferencias bibliográficas. | ||
| 650 | 7 |
_aMujeres y religión- _zEuropa _2 _9162468 |
|
| 650 | 4 |
_aContrarreforma- _zEuropa. _911324 |
|
| 700 | 1 |
_aMarshall, Sherrin. _9162469 |
|
| 852 | 4 |
_aES-MaACL _jL-31492 _z- Enc. tela _z- Donat. herederos de la bibl. de Mª del Pilar Costa Palacín |
|
| 999 |
_c187164 _d187164 |
||